Obstarávací proces vo výrobnom podniku bakalárska práca

Gespeichert in:
Bibliographische Detailangaben
1. Verfasser: Novotný, Peter
Körperschaft: Fakulta podnikového manažmentu EU. Katedra manažmentu výroby a logistiky - zrušená
Weitere Verfasser: Melich, Pavel
Format: Buch
Sprache:Slowakisch
Veröffentlicht: Bratislava 2018
Tags: Tag hinzufügen
Keine Tags, Fügen Sie das erste Tag hinzu!

MARC

LEADER 00000nbm a2200000 4500
001 0244639
005 20181004142440.2
041 0 |a slo 
044 |a SK 
245 1 0 |a Obstarávací proces vo výrobnom podniku  |b bakalárska práca  |c Peter Novotný ; školiteľ: Pavel Melich 
264 1 |a Bratislava  |c 2018 
300 |a 51 s. 
100 1 |a Novotný, Peter 
700 1 |a Melich, Pavel 
710 2 |a Fakulta podnikového manažmentu EU. Katedra manažmentu výroby a logistiky - zrušená